Bayer 04 Leverkusen Meister Quiz #10 - Statistiken

Allgemein
  • Dieses Quiz wurde 30 mal gespielt
    12 seit der letzten Aktualisierung
  • Das Durchschnittsergebnis liegt bei 3 aus 5
Antwortstatistiken
Fußball-Club % Korrekt
Borussia Mönchengladbach
78%
SV Werder Bremen
67%
1. FC Köln
44%
1. FC Union Berlin
44%
VfL Bochum
44%
Keine übereinstimmenden Quizze gefunden
Verteilung der Resultate
Anzahl Personen mit jedem Resultat
Perzentil nach korrekt beantworteten Fragen
Ihre Resultats-Entwicklung
Sie haben dieses Quiz seit der letzten Aktualisierung nicht gespielt